Šípková Růženka

Bibliographic Details
Main Author: Růžičková, Jarmila, 1958- (Author)
Format: Book
Language:Undetermined
PhysicalDescription:omaľovánka
Published: V Praze Panorama 1980

MARC

LEADER 00000nam a2200000 a 4500
001 vtls001415050
003 SK-MaSNL
005 20260301202313.0
008 240315s1980 xx 0 und
035 |a SNK000369783 
040 |a SNK  |b slo  |c SNK  |e AACR2 
100 1 |a Růžičková, Jarmila,  |d 1958-  |4 aut  |9 126165 
245 1 |a Šípková Růženka 
260 |a V Praze  |b Panorama  |c 1980 
300 |a omaľovánka 
958 |a OND 
999 |c 898366  |d 900296 
952 |t P60, <04>, [BOOK], {604}  |a SNK  |b SNK  |y VYP  |7 0  |p 17A0304457  |o snkID 73537  |0 0  |1 0  |4 0  |d 2001-06-12  |l 0  |r 2005-01-02 00:00:00  |w 2026-02-24